MLB Mascots - Statistics

General Stats
  • This quiz has been taken 26 times
  • The average score is 5 of 28
Answer Stats
Team Answer % Correct
New York Mets Mr. Met
56%
Minnesota Twins T.C. Bear
44%
New York Mets Mrs. Met
39%
St. Louis Cardinals Fredbird
33%
Philadelphia Phillies Phillie Phanatic
28%
Cincinnati Reds Rosie Red
28%
Houston Astros Orbit
22%
Boston Red Sox Wally
22%
Arizona Diamondbacks Baxter
17%
Miami Marlins Billy the Marlin
17%
Atlanta Braves Blooper
17%
Chicago Cubs Clark the Cub
17%
Seattle Mariners Mariner Moose
17%
Baltimore Orioles Oriole Bird
17%
Athletics Stomper
17%
Toronto Blue Jays Ace
11%
Milwaukee Brewers Bernie
11%
San Francisco Giants Lou Seal
11%
Detroit Tigers Paws
11%
Tampa Bay Rays Raymond
11%
Cleveland Guardians Slider
11%
Kansas City Royals Sluggerrr
11%
Chicago White Sox Southpaw
11%
Pittsburgh Pirates Pirate Parrot
6%
Texas Rangers Rangers Captain
6%
Washington Nationals Screech
6%
San Diego Padres Swinging Friar
6%
Colorado Rockies Hooper
0%
No matching quizzes found
Score Distribution
Percent of People with Each Score
Percentile by Number Answered
Your Score History
You have not taken this quiz